| 000 | 00638nam a2200205Ia 4500 | ||
|---|---|---|---|
| 003 | GCL | ||
| 008 | 140319s9999 xx 000 0 ara d | ||
| 040 |
_aGCL / _cGCL |
||
| 082 | 0 | 4 |
_a398.5 _bع هـ |
| 100 | 1 | _aعبدالحميد يونس | |
| 245 | 1 | 0 |
_aالهلالية فى التاريخ والادب الشعبى / _cعبدالحميد يونس |
| 260 |
_a[S.N] : _bدار الكتب المصرية ، _c1995 |
||
| 300 | _a224 , 12 ص | ||
| 490 | _a | ||
| 650 | 0 | 4 | _aالادب |
| 650 | 0 | 4 | _aالادب الشعبى |
| 650 | 0 | 4 | _aالادب الشعبى - تاريخ ونقد |
| 650 | 0 | 4 | _aالهلالية |
| 942 |
_2ddc _cBK |
||
| 999 |
_c31533 _d31533 |
||